| 000 | 00593nam a2200193Ia 4500 | ||
|---|---|---|---|
| 005 | 20250508165324.0 | ||
| 008 | 008 250505s9999 xx 000 0 eng d | ||
| 037 | _aDissertations | ||
| 040 |
_aFEDL _beng _cFEDL |
||
| 041 |
_aeng _2eng |
||
| 084 |
_a371.122, NAG/DI _qFEDL |
||
| 100 |
_aNagpal Gauri _9780499 |
||
| 245 | 0 | _aRe- envisioning professional development programmes: A democratic approach | |
| 260 | _c2013 | ||
| 300 | _a101p. | ||
| 546 | _aM.Ed. Dissertation, (Delhi University); C D included | ||
| 942 |
_cDIS _h371.122, NAG/DI |
||
| 999 |
_c1394447 _d1394447 |
||